| 000 | 01573cam a22002771 4500 | ||
|---|---|---|---|
| 999 |
_c26632 _d26632 |
||
| 001 | 10154191 | ||
| 003 | OSt | ||
| 005 | 20170206084440.0 | ||
| 008 | 720210s1930 enk 000 0 eng | ||
| 010 | _a 31002952 | ||
| 035 | _a(OCoLC)237917 | ||
| 040 |
_aDLC _cOHirC _dOCoLC _dDLC |
||
| 042 | _apremarc | ||
| 050 | 0 | 0 |
_aPR2983 _b.K6 |
| 082 | _a822.33 | ||
| 100 | 1 |
_aKnight, George Wilson, _d1897- |
|
| 245 | 1 | 4 |
_aThe wheel of fire; _bessays in interpretation of Shakespeare's sombre tragedies, _cby G. Wilson Knight ... |
| 260 |
_aLondon, _bH. Milford, Oxford University Press, _c1930. |
||
| 300 |
_axix, 296 p. _c23 cm. |
||
| 500 | _aThese essays continue my interpretation of Shakespeare's plays begun in Myth and miracle. Many represent recastings and expansions of work which has appeared in different journals. cf. Pref. | ||
| 505 | 0 | _aIntroduction, by T.S. Eliot.--On the principles of Shakespeare interpretation.--Hamlet's melancholia.--The embassy of death: an essay on Hamlet.--The philosophy of Troilus and Cressida.--Measure for measure and the Gospels.--The Othello music.--Brutus and Macbeth.--Macbeth and the metaphysic of evil.--Lear and the comedy of the grotesque.--The Lear universe.--The pilgrimage of hate: an essay on Timon of Athens.--Shakespeare and Tolstoy.--Symbolic personfication.--The Shakespearian metaphysic. | |
| 600 | 1 | 0 |
_aShakespeare, William, _d1564-1616 _xTragedies. |
| 906 |
_a7 _bcbc _coclcrpl _du _encip _f19 _gy-gencatlg |
||
| 942 |
_2lcc _cBOOKS _hPR 2983 .K55 1930 |
||